Horoscope du jour selon des titres de films - Statistiques

Statistiques générales
  • Ce quiz a été pris 12 fois
  • Le résultat moyen est 3 sur 12
Statistiques - réponses
Hint Réponse % Correct
Taureau : film de 2010 de Dany Boon avec lui-même, Benoît Poelvoorde, Karin Viard Rien à déclarer
67%
Vierge : film de Steven Spielberg avec Léonardo DiCaprio et Tom Hanks Arrête-moi si tu peux
42%
Sagittaire : film de 1999 de Roger Michell avec Hugh Grant et Julia Roberts Coup de foudre à Notting Hill
33%
Gémeaux : film de 2021 de Cary Joji Fukunaga avec Daniel Craig et Léa Seydoux Mourir peut attendre
33%
Cancer : film de 1984 de Michel Blanc avec lui-même, Gérard Lanvin et Sophie Duez Marche à l'ombre
25%
Verseau : film de 2006 de Guillaume Canet avec François Cluzet et Marie-José Croze Ne le dis à personne
25%
Poissons : film de 1994 de Michel Blanc avec lui-même et Carole Bouquet Grosse fatigue
17%
Capricorne : film de 1987 de Adrian Lyne avec Michaël Douglas et Glenn Close Liaison fatale
17%
Scorpion : film de 1995 de John McTiernan avec Bruce Willis, Jeremy Irons, Samuel L. Jackson Une journée en enfer
17%
Lion : film de 2002 de Michel Blanc avec lui-même, Carole Bouquet et Jacques Dutronc Embrassez qui vous voudrez
8%
Balance : film de 1997 d’Alain Resnais avec Agnès Jaoui et Jean-Pierre Bacri On connaît la chanson
8%
Bélier : film de 2010 de Woody Allen avec Naomi Watts, Antonio Banderas et Josh Brolin Vous allez rencontrer un bel et sombre inconnu
0%
Aucun quiz correspondant
Distribution des résultats
% des personnes avec chaque résultat
Percentile par nombre de réponses
Votre historique - résultats
Vous n’avez pas pris ce quiz